| 000 | 00642nam a2200241Ia 4500 | ||
|---|---|---|---|
| 003 | GCL | ||
| 008 | 140319s9999 xx 000 0 ara d | ||
| 040 |
_aGCL / _cGCL |
||
| 082 | 0 | 4 |
_a953 _bح ا |
| 245 | 1 | 0 | _aالاسلام الفاتح |
| 260 |
_a[S.N] : _bالزهراء للاعلام العربى ، _c1987 |
||
| 300 | _a198 ص | ||
| 490 | _a | ||
| 650 | 0 | 4 | _aتاريخ |
| 650 | 0 | 4 | _aالاسلام |
| 650 | 0 | 4 | _aانتشار الاسلام |
| 650 | 0 | 4 | _aافريقيا |
| 650 | 0 | 4 | _aالدعوة الاسلامية |
| 650 | 0 | 4 | _aالفلبين |
| 650 | 0 | 4 | _aاندونسيا |
| 650 | 0 | 4 | _aرومانيا |
| 942 |
_2ddc _cBK |
||
| 999 |
_c36964 _d36964 |
||